| 000 | 00432nam a2200157 i 4500 | ||
|---|---|---|---|
| 001 | 52186 | ||
| 003 | ES-MaACL | ||
| 005 | 20230906162534.0 | ||
| 007 | t| | ||
| 008 | 030826s1968 sp ||||1| spa d | ||
| 100 | 1 |
_aChauchard, Paul. _938194 |
|
| 245 | 1 | 0 |
_aNuestros handicaps sexuales / _cPaul Chauchard. |
| 260 |
_aMadrid, etc. : _bIberoamericanas, _c[1968] |
||
| 300 |
_a214 p. ; _c17 cm. |
||
| 852 |
_aES-MaACL _jC-30615 _bR.67256 |
||
| 999 |
_c52186 _d52186 |
||